000
00292nam a2200133Ia 4500
100
_a
Gupta/P.K& hira D.S
942
_c
BK
654
_a
research
245
_a
Problems in operation research
260
_b
S.Chand & co
_a
New Delhi
_c
1991
300
_a
1078
546
_a
ENGLISH
999
_c
22610
_d
22610